[Event "BCF-chT4 0506 (4NCL)"]
[Site "West Bromwich"]
[Date "2006.03.19"]
[Round "8.5"]
[White "Hussain, Adrian"]
[Black "Smith, Stuart"]
[Result "1-0"]
[WhiteElo "1735"]
[BlackElo "1805"]
[PlyCount "51"]
[EventDate "2005.11.05"]
[EventType "team"]
[EventRounds "11"]
[EventCountry "ENG"]
[SourceTitle "CBM 109 Extra"]
[Source "ChessBase"]
[SourceDate "2006.01.03"]
[SourceVersion "2"]
[SourceVersionDate "2006.01.03"]
[SourceQuality "1"]
[WhiteTeam "Athenaeum II"]
[BlackTeam "King takes Pawn"]
[WhiteTeamCountry "ENG"]
[BlackTeamCountry "ENG"]

1. e4 e5 2. Nf3 Nc6 3. Bb5 a6 4. Ba4 Nf6 5. 0-0 Bd6 6. d3 h6 7. Nc3 0-0 8. Re1 Re8 9. Ne2 b5 10. Bb3 Na5 11. c3 c6 12. Bc2 Bc7 13. Ng3 d6 14. h3 Bb6 15. b4 Nb7 16. d4 Qc7 17. Nh4 a5 18. Nhf5 Bxf5 19. Nxf5 Kf8 20. Be3 axb4 21. cxb4 Ba7 22. Qd2 c5 23. Bxh6 Nh5 24. Bxg7+ Nxg7 25. Qh6 f6 26. Qh8+ 1-0